Variaciones sobre el mismo tema: la deuda pública /
Guardado en:
| Hovedforfatter: | |
|---|---|
| Format: | Texto |
| Fag: | |
| Tags: |
Tilføj Tag
Ingen Tags, Vær først til at tagge denne postø!
|
MARC
| LEADER | 00000 a a2200000 04500 | ||
|---|---|---|---|
| 001 | 17207 | ||
| 003 | |||
| 040 | |||
| 100 | |a Fournier Vargas, Alicia | ||
| 245 | |a Variaciones sobre el mismo tema: |b la deuda pública / |c Alicia Fournier Vargas | ||
| 650 | |a DEUDA PUBLICA | ||
| 773 | |g volumen 9, número 3; páginas 18-21 | ||
| 999 | |c 38394 |d 38394 | ||
